| 000 | 00647cam a2200181 a 4500 | ||
|---|---|---|---|
| 020 | _a0471814598 : | ||
| 082 | 0 | 0 |
_a624.068 _bDEG _cL-40, P-40 |
| 100 | 1 |
_aDeGoff, Robert A., _936888 |
|
| 245 | 1 | 0 |
_aConstruction management : _bbasic principles for architects, engineers, and owners / _cRobert A. DeGoff, Howard A. Friedman. |
| 260 |
_aNew York : _bWiley, _cc1985. |
||
| 300 |
_axxv, 344 p. : _bill. ; _c24 cm. |
||
| 500 | _a"A Wiley-Interscience publication." | ||
| 526 |
_a0 _b0 _c0 _d624_068000000000000_DEG |
||
| 650 | 0 |
_aConstruction industry _xManagement. _9806 |
|
| 650 | 0 |
_aMCE _9379 |
|
| 700 | 1 |
_aFriedman, Howard A., _936889 |
|
| 942 |
_2ddc _cBK |
||
| 999 |
_c541833 _d541833 |
||